Tabla periódica - Primeros 20 elementos - Estadísticas

Estadísticas generales
  • Esta prueba ha sido intentada 9.500 veces
  • La puntuación promedio es 17 de 20
Estadísticas de respuestas
Nº atómico Símbolo Elemento % Correcto
2 He Helio
99%
1 H Hidrógeno
99%
3 Li Litio
98%
7 N Nitrógeno
95%
8 O Oxígeno
95%
12 Mg Magnesio
93%
6 C Carbono
91%
13 Al Aluminio
88%
17 Cl Cloro
88%
11 Na Sodio
88%
4 Be Berilio
87%
20 Ca Calcio
85%
19 K Potasio
84%
14 Si Silicio
83%
5 B Boro
82%
9 F Flúor
82%
15 P Fósforo
78%
10 Ne Neón
78%
18 Ar Argón
77%
16 S Azufre
72%
No se encontraron pruebas coincidentes
Distribución de puntuación
Porcentaje de gente con cada puntuación
Porcentaje por número respondido
Historial de tus puntuaciones
No has intentado esta prueba.